Normal view
MARC view
- Zahoor, Tanveer
Entry Personal Name
001 - CONTROL NUMBER
- control field: 14892
003 - CONTROL NUMBER IDENTIFIER
- control field: NUST
005 - DATE AND TIME OF LATEST TRANSACTION
- control field: 20190615080256.0
008 - FIXED-LENGTH DATA ELEMENTS
- fixed length control field: 190615|| aca||aabn | a|a d
040 ## - CATALOGING SOURCE
- Original cataloging agency: NUST
- Transcribing agency: NUST
100 ## - HEADING--PERSONAL NAME
- Personal name: Zahoor, Tanveer
670 ## - SOURCE DATA FOUND
- Source citation: Work cat.: (NUST): Zahoor, Tanveer, Waday lok Wadeean Gallan /, 2011.
